00402pab a2200145 454500008004000000100002700040245005700067260000900124300001000133362001100143650003800154650003000192650001400222773002000236180718b1996 xxu||||| |||| 00| 0 eng d aSethumadhava Rao, P.H. aHigher education in U.K. and India: current scenario c1996 ap.3-6 a19 Aug aEducation, Higher - Great Britain aEducation, Higher - India aEducation aUniversity News